[Event "Titled Tuesday intern op 03rd Sep Early"]
[Site "Chess.com INT"]
[Date "2024.09.03"]
[Round "7"]
[White "Hoang, Thi Bao Tram"]
[Black "Kaminski, Victor Kazimierz"]
[Result "1-0"]
[WhiteElo "2193"]
[BlackElo "2247"]
[PlyCount "99"]
[EventDate "2024.09.03"]
[EventType "swiss (blitz)"]
[EventRounds "11"]
[EventCountry "USA"]
[SourceTitle "EXT 2025"]
[Source "ChessBase"]
[SourceDate "2024.10.14"]
[SourceVersion "1"]
[SourceVersionDate "2024.10.14"]
[SourceQuality "1"]

1. d4 Nf6 2. c4 e6 3. Nc3 Bb4 4. Qc2 0-0 5. Bg5 b5 6. cxb5 c6 7. a3 Qa5 8. Bxf6 gxf6 9. e3 Bb7 10. Bd3 cxb5 11. Nf3 f5 12. Nh4 Be7 13. Nf3 b4 14. Qa4 Qxa4 15. Nxa4 Bc6 16. axb4 Bxb4+ 17. Ke2 f6 18. Nd2 a5 19. Nc4 Na6 20. Ncb6 Ra7 21. d5 Bxa4 22. Nxa4 Nc5 23. Nxc5 Bxc5 24. b3 Kf7 25. Bc4 Ke7 26. g3 Rfa8 27. Ra4 Bb4 28. Rd1 Rc8 29. Kf3 e5 30. Kg2 Kd6 31. Kh3 Rac7 32. Kh4 Rxc4+ 33. bxc4 Rxc4+ 34. Kh3 Rc2 35. Kg2 h5 36. Kf3 e4+ 37. Kg2 Ke5 38. d6 Ke6 39. Raa1 Bxd6 40. Rxa5 Bc5 41. Ra6+ d6 42. Kf1 Kf7 43. Ra8 Rb2 44. Rda1 Ke6 45. Rh8 d5 46. Rd1 d4 47. exd4 Bb6 48. Re8+ Kf7 49. Rh8 Rb4 50. Rb8 1-0

[Event "Titled Tuesday intern op 03rd Sep Early"]
[Site "Chess.com INT"]
[Date "2024.09.03"]
[Round "1"]
[White "Kaminski, Victor Kazimierz"]
[Black "Ghevondyan, Arman"]
[Result "0-1"]
[WhiteElo "2247"]
[BlackElo "2216"]
[PlyCount "92"]
[EventDate "2024.09.03"]
[EventType "swiss (blitz)"]
[EventRounds "11"]
[EventCountry "USA"]
[SourceTitle "EXT 2025"]
[Source "ChessBase"]
[SourceDate "2024.10.14"]
[SourceVersion "1"]
[SourceVersionDate "2024.10.14"]
[SourceQuality "1"]

1. e4 c5 2. Nf3 Nc6 3. Bb5 g6 4. 0-0 Bg7 5. Re1 Nh6 6. c3 a6 7. Bxc6 bxc6 8. d4 cxd4 9. cxd4 0-0 10. Nc3 d6 11. h3 f6 12. Be3 Nf7 13. Rc1 Rb8 14. b3 Bd7 15. Qd2 f5 16. e5 dxe5 17. Nxe5 Nxe5 18. dxe5 Be6 19. Qxd8 Rfxd8 20. Bc5 Kf7 21. f4 Bh6 22. Be3 Rd3 23. g3 g5 24. Kf2 gxf4 25. gxf4 Rbd8 26. Red1 Rxd1 27. Rxd1 Bd5 28. Ne2 e6 29. Rc1 Bf8 30. Nd4 Rc8 31. Rc2 Be7 32. Nf3 c5 33. Rc3 c4 34. Nd2 Bb4 35. Rc2 Bxd2 36. Rxd2 c3 37. Rc2 Be4 38. Rc1 c2 39. b4 Rc3 40. Bc5 Rxh3 41. Ke2 h5 42. Kd2 h4 43. a4 Rb3 44. b5 axb5 45. a5 h3 46. a6 h2 0-1

[Event "Titled Tuesday intern op 03rd Sep Early"]
[Site "Chess.com INT"]
[Date "2024.09.03"]
[Round "4"]
[White "Shubenkova, Veronika"]
[Black "Kaminski, Victor Kazimierz"]
[Result "1-0"]
[WhiteElo "2024"]
[BlackElo "2247"]
[PlyCount "61"]
[EventDate "2024.09.03"]
[EventType "swiss (blitz)"]
[EventRounds "11"]
[EventCountry "USA"]
[SourceTitle "EXT 2025"]
[Source "ChessBase"]
[SourceDate "2024.10.14"]
[SourceVersion "1"]
[SourceVersionDate "2024.10.14"]
[SourceQuality "1"]

1. e4 c5 2. Nc3 a6 3. g3 Nc6 4. Bg2 h5 5. a4 h4 6. d3 d6 7. Be3 Nf6 8. Qd2 Ng4 9. Bg5 Nd4 10. h3 Ne5 11. Bxh4 Rxh4 12. gxh4 Ng6 13. h5 Nh4 14. f4 e5 15. 0-0-0 b5 16. fxe5 Be7 17. Kb1 Bg5 18. Qf2 bxa4 19. exd6 Rb8 20. Rf1 Be6 21. Nd5 a3 22. b3 a2+ 23. Ka1 Qxd6 24. Ne2 Bxd5 25. Nxd4 Bf6 26. c3 cxd4 27. exd5 dxc3 28. Re1+ Kf8 29. Qc2 Qa3 30. Be4 Rxb3 31. d6 1-0

[Event "Titled Tuesday intern op 27th Aug Early"]
[Site "Chess.com INT"]
[Date "2024.08.27"]
[Round "9"]
[White "Zarnicki, Pablo Adrian"]
[Black "Kaminski, Victor Kazimierz"]
[Result "1-0"]
[WhiteElo "2514"]
[BlackElo "2247"]
[PlyCount "81"]
[EventDate "2024.08.27"]
[EventType "swiss (blitz)"]
[EventRounds "11"]
[EventCountry "USA"]
[SourceTitle "EXT 2025"]
[Source "ChessBase"]
[SourceDate "2024.10.14"]
[SourceVersion "1"]
[SourceVersionDate "2024.10.14"]
[SourceQuality "1"]

1. e4 c5 2. Nf3 Nc6 3. d4 cxd4 4. Nxd4 Nf6 5. Nc3 e5 6. Ndb5 d6 7. Bg5 a6 8. Na3 b5 9. Nd5 Be7 10. Bxf6 Bxf6 11. c4 b4 12. Nc2 0-0 13. Be2 a5 14. 0-0 Bg5 15. Bg4 Be6 16. h3 Rb8 17. Qd3 Bh6 18. Rad1 Qh4 19. g3 Qd8 20. Kg2 a4 21. b3 axb3 22. axb3 Qa5 23. f4 exf4 24. gxf4 Qc5 25. Nce3 Ra8 26. Rf2 Ra3 27. Nc7 Ne5 28. fxe5 Bxe3 29. Nxe6 Bxf2 30. Nxc5 Bxc5 31. exd6 Rd8 32. d7 h5 33. Qd5 Be7 34. Rf1 Ra2+ 35. Kh1 Bf6 36. e5 hxg4 37. exf6 g3 38. fxg7 g2+ 39. Kg1 gxf1Q+ 40. Kxf1 Ra7 41. Qh5 1-0

[Event "Titled Tuesday intern op 20th Aug Early"]
[Site "Chess.com INT"]
[Date "2024.08.20"]
[Round "8"]
[White "Kaminski, Victor Kazimierz"]
[Black "Koziol, Kamil"]
[Result "1/2-1/2"]
[WhiteElo "2247"]
[BlackElo "2286"]
[PlyCount "201"]
[EventDate "2024.08.20"]
[EventType "swiss (blitz)"]
[EventRounds "11"]
[EventCountry "USA"]
[SourceTitle "EXT 2025"]
[Source "ChessBase"]
[SourceDate "2024.10.14"]
[SourceVersion "1"]
[SourceVersionDate "2024.10.14"]
[SourceQuality "1"]

1. d4 Nf6 2. Bf4 e6 3. Nf3 c5 4. e3 Nc6 5. Nbd2 d5 6. c3 Bd6 7. Bg3 Qe7 8. Ne5 Nd7 9. f4 0-0 10. Bd3 Re8 11. Qh5 Nf8 12. 0-0 f6 13. Bh4 Bd7 14. Rf3 g5 15. Nxd7 Nxd7 16. fxg5 f5 17. g6 Qg7 18. gxh7+ Qxh7 19. Qxh7+ Kxh7 20. Bg3 Bf8 21. Bf4 Kg6 22. Rg3+ Kf7 23. Nf3 Be7 24. Ng5+ Bxg5 25. Rxg5 Rg8 26. Rf1 c4 27. Be2 Rxg5 28. Bxg5 Rg8 29. Bh5+ Kf8 30. h4 Rh8 31. g4 Kg7 32. Kg2 Nf6 33. Bxf6+ Kxf6 34. Kg3 Ne7 35. g5+ Kg7 36. Be2 Nc8 37. b3 Nd6 38. bxc4 Ne4+ 39. Kf4 Nxc3 40. Bd3 Rxh4+ 41. Ke5 dxc4 42. Bxc4 Re4+ 43. Kd6 Rxe3 44. Bxe6 Nb5+ 45. Kc5 Nxd4 46. Kxd4 Rxe6 47. Rxf5 Ra6 48. Rf2 Ra3 49. Kc5 Kg6 50. Kd6 Kxg5 51. Kc7 b6 52. Kb7 Kg4 53. Kc6 Kg3 54. Rd2 Kf3 55. Kb5 Ke3 56. Rc2 Kd3 57. Rg2 Ra5+ 58. Kb4 Kd4 59. Rd2+ Ke5 60. a4 Ke6 61. Rd4 Re5 62. Rd2 Rd5 63. Re2+ Kd7 64. Rh2 Kc7 65. Rh8 Rd7 66. Rh6 Kb7 67. Kb5 Rg7 68. Kb4 a6 69. Rf6 Rg4+ 70. Kb3 Rg7 71. Kb4 Re7 72. Kc4 Rc7+ 73. Kb4 Rh7 74. Kc4 Rc7+ 75. Kb4 Ka7 76. a5 b5 77. Rd6 Rc4+ 78. Kb3 Ra4 79. Rd7+ Kb8 80. Rf7 Rxa5 81. Kb4 Ra4+ 82. Kc5 Rh4 83. Kb6 Rh6+ 84. Ka5 Rc6 85. Rg7 Re6 86. Rf7 Kc8 87. Rg7 Kd8 88. Rb7 Rc6 89. Rg7 Ke8 90. Rh7 Kf8 91. Rd7 Ke8 92. Rh7 Kd8 93. Rg7 Kc8 94. Rf7 Kb8 95. Re7 Rc7 96. Re6 Ra7 97. Kb6 Rb7+ 98. Kxa6 Ra7+ 99. Kxb5 Rb7+ 100. Rb6 Rxb6+ 101. Kxb6 1/2-1/2

[Event "Titled Tuesday intern op 20th Aug Early"]
[Site "Chess.com INT"]
[Date "2024.08.20"]
[Round "5"]
[White "Kaminski, Victor Kazimierz"]
[Black "Solomon, Kenny"]
[Result "0-1"]
[WhiteElo "2247"]
[BlackElo "2257"]
[PlyCount "108"]
[EventDate "2024.08.20"]
[EventType "swiss (blitz)"]
[EventRounds "11"]
[EventCountry "USA"]
[SourceTitle "EXT 2025"]
[Source "ChessBase"]
[SourceDate "2024.10.14"]
[SourceVersion "1"]
[SourceVersionDate "2024.10.14"]
[SourceQuality "1"]

1. d4 Nf6 2. Bf4 d5 3. Nf3 c5 4. e3 Nc6 5. Nbd2 cxd4 6. exd4 Bf5 7. c3 e6 8. Qb3 Qc8 9. Be2 Be7 10. h3 h6 11. 0-0 0-0 12. Ne5 Nxe5 13. Bxe5 a6 14. a4 Ne4 15. Nxe4 Bxe4 16. f3 Bg6 17. Rfe1 Qd7 18. Qd1 Rae8 19. Bd3 Bxd3 20. Qxd3 Bd6 21. Bxd6 Qxd6 22. b3 Rc8 23. Rac1 Rfd8 24. c4 dxc4 25. Rxc4 Rxc4 26. Qxc4 Qxd4+ 27. Qxd4 Rxd4 28. Rc1 Rd3 29. Rc8+ Kh7 30. Rc7 Rxb3 31. Rxf7 Kg6 32. Re7 Kf6 33. Rc7 b6 34. a5 bxa5 35. Rc6 a4 36. Rxa6 a3 37. Ra5 e5 38. Kh2 Kf5 39. Ra4 Rc3 40. Kg3 h5 41. h4 g6 42. Ra6 e4 43. Ra5+ Kf6 44. Kf4 e3 45. Kg3 Ke6 46. f4 e2+ 47. Kf2 Re3 48. Ke1 Kd6 49. g4 hxg4 50. f5 gxf5 51. h5 g3 52. Rxf5 g2 53. Rg5 a2 54. Kf2 e1Q+ 0-1

[Event "Titled Tuesday intern op 13th Aug Late"]
[Site "Chess.com INT"]
[Date "2024.08.13"]
[Round "3"]
[White "Hambleton, Aman"]
[Black "Kaminski, Victor Kazimierz"]
[Result "1-0"]
[WhiteElo "2420"]
[BlackElo "2247"]
[PlyCount "99"]
[EventDate "2024.08.13"]
[EventType "swiss (blitz)"]
[EventRounds "11"]
[EventCountry "USA"]
[SourceTitle "EXT 2025"]
[Source "ChessBase"]
[SourceDate "2024.10.14"]
[SourceVersion "1"]
[SourceVersionDate "2024.10.14"]
[SourceQuality "1"]

1. d4 Nf6 2. Bf4 b6 3. e3 e6 4. h3 Ba6 5. Bxa6 Nxa6 6. Qe2 Nb4 7. c3 Nc6 8. e4 Be7 9. Nd2 0-0 10. Ngf3 d6 11. 0-0 a6 12. a4 h6 13. Rfe1 Nd7 14. d5 Nce5 15. Bxe5 Nxe5 16. Nxe5 dxe5 17. dxe6 fxe6 18. Nf3 Bd6 19. Qc4 Qf6 20. Rad1 a5 21. Rd3 Kh7 22. Re2 Qg6 23. Nh2 Bc5 24. Rf3 Rxf3 25. Nxf3 Rf8 26. Qd3 Qg3 27. Kh1 Qf4 28. Qd2 Qxd2 29. Rxd2 Rf4 30. Re2 Bd6 31. Kg1 g5 32. Nd2 h5 33. g3 Rf7 34. Nc4 Bc5 35. Kg2 Bd6 36. Rd2 Bc5 37. Nxe5 Rf6 38. Nd7 Rf7 39. Nxc5 bxc5 40. Rd8 c6 41. Rb8 Rd7 42. Rb6 Rd2 43. Rxc6 Rxb2 44. Rxc5 Rc2 45. Rxg5 Kh6 46. Rxa5 Rxc3 47. Re5 Rc4 48. Rxe6+ Kg5 49. h4+ Kg4 50. f3# 1-0

[Event "Titled Tuesday intern op 13th Aug Late"]
[Site "Chess.com INT"]
[Date "2024.08.13"]
[Round "4"]
[White "Kaminski, Victor Kazimierz"]
[Black "Bilan, Danila"]
[Result "0-1"]
[WhiteElo "2247"]
[BlackElo "2303"]
[PlyCount "108"]
[EventDate "2024.08.13"]
[EventType "swiss (blitz)"]
[EventRounds "11"]
[EventCountry "USA"]
[SourceTitle "EXT 2025"]
[Source "ChessBase"]
[SourceDate "2024.10.14"]
[SourceVersion "1"]
[SourceVersionDate "2024.10.14"]
[SourceQuality "1"]

1. e4 c6 2. Nf3 d5 3. d3 Bg4 4. h3 Bh5 5. g4 Bg6 6. Qe2 e6 7. h4 dxe4 8. dxe4 Nf6 9. h5 Bxe4 10. g5 Bxf3 11. Qxf3 Nd5 12. g6 Qf6 13. gxf7+ Qxf7 14. Qxf7+ Kxf7 15. a3 Bc5 16. c4 Nf6 17. Nc3 Nbd7 18. Bh3 Ne5 19. Ke2 Nxc4 20. h6 g6 21. Bg5 Rhd8 22. Rhd1 Be7 23. Kf3 Nd5 24. Ne4 b6 25. Rdc1 Ne5+ 26. Kg2 c5 27. Re1 Nd3 28. Re2 N3f4+ 29. Bxf4 Nxf4+ 30. Kf3 Nxh3 31. Rae1 Ng5+ 32. Nxg5+ Bxg5 33. Rxe6 Re8 34. Rxe8 Rxe8 35. Rd1 Bxh6 36. Rd7+ Re7 37. Rd6 Bg7 38. Rd8 Bxb2 39. a4 Bd4 40. Rc8 Kg7 41. Kg4 Rf7 42. f4 h5+ 43. Kg5 Be3 44. Rc6 Bxf4+ 45. Kh4 Kh6 46. a5 Bg5+ 47. Kg3 Rf6 48. Rc7 Bf4+ 49. Kh4 Bxc7 50. axb6 axb6 51. Kh3 Rf4 52. Kg2 Rg4+ 53. Kh3 Rg3+ 54. Kh4 g5# 0-1

[Event "Titled Tuesday intern op 13th Aug Late"]
[Site "Chess.com INT"]
[Date "2024.08.13"]
[Round "1"]
[White "Kaminski, Victor Kazimierz"]
[Black "Karamsetty, Jeevan"]
[Result "1/2-1/2"]
[WhiteElo "2247"]
[BlackElo "2244"]
[PlyCount "87"]
[EventDate "2024.08.13"]
[EventType "swiss (blitz)"]
[EventRounds "11"]
[EventCountry "USA"]
[SourceTitle "EXT 2025"]
[Source "ChessBase"]
[SourceDate "2024.10.14"]
[SourceVersion "1"]
[SourceVersionDate "2024.10.14"]
[SourceQuality "1"]

1. e4 e5 2. Nf3 Nc6 3. Bb5 a6 4. Ba4 d6 5. 0-0 Nf6 6. Nc3 Be7 7. h3 0-0 8. a3 Nd4 9. d3 b5 10. Bb3 Nxb3 11. cxb3 c5 12. Bg5 Be6 13. Re1 h6 14. Bxf6 Bxf6 15. Nd2 Qb6 16. Nf1 Bh4 17. Ne3 Qb7 18. b4 Bg5 19. Ned5 f5 20. bxc5 dxc5 21. b4 fxe4 22. dxe4 c4 23. a4 Qc6 24. Qe2 Kh7 25. Red1 Bh4 26. g3 Bf6 27. Kg2 Bg8 28. h4 Be6 29. Nxf6+ Rxf6 30. axb5 axb5 31. Rxa8 Qxa8 32. Nxb5 Qa4 33. Nc3 Qxb4 34. Nd5 Bxd5 35. exd5 c3 36. Qxe5 c2 37. Rc1 Rxf2+ 38. Kxf2 Qd2+ 39. Qe2 Qxc1 40. Qe4+ Kg8 41. Qe8+ Kh7 42. Qe4+ Kg8 43. Qe8+ Kh7 44. Qe4+ 1/2-1/2

[Event "Titled Tuesday intern op 13th Aug Early"]
[Site "Chess.com INT"]
[Date "2024.08.13"]
[Round "8"]
[White "Kanyamarala, Tarun"]
[Black "Kaminski, Victor Kazimierz"]
[Result "1-0"]
[WhiteElo "2337"]
[BlackElo "2247"]
[PlyCount "95"]
[EventDate "2024.08.13"]
[EventType "swiss (blitz)"]
[EventRounds "11"]
[EventCountry "USA"]
[SourceTitle "EXT 2025"]
[Source "ChessBase"]
[SourceDate "2024.10.14"]
[SourceVersion "1"]
[SourceVersionDate "2024.10.14"]
[SourceQuality "1"]

1. e4 c5 2. Nf3 Nc6 3. d4 cxd4 4. Nxd4 Nf6 5. Nc3 e5 6. Nf5 d5 7. exd5 Bxf5 8. dxc6 Qxd1+ 9. Nxd1 bxc6 10. Ne3 Bg6 11. g3 Bc5 12. Bg2 0-0 13. 0-0 Rac8 14. c3 Rfd8 15. Re1 h5 16. h3 a5 17. Nc4 e4 18. Nxa5 Rd5 19. Nb3 Bb6 20. Be3 c5 21. c4 Rd3 22. Bf1 Rd6 23. Rad1 Rxd1 24. Rxd1 Bf5 25. Rd6 Ba7 26. Ra6 Bb8 27. Nxc5 Be5 28. b4 Rd8 29. Be2 g6 30. Kg2 Kg7 31. b5 Bd4 32. Bxd4 Rxd4 33. Nb3 Rd7 34. c5 Re7 35. Nd4 Bc8 36. Ra8 Bb7 37. Ra7 e3+ 38. c6 Bxc6+ 39. Nxc6 Rxa7 40. Nxa7 exf2 41. Kxf2 Ne4+ 42. Ke3 Nc3 43. b6 Nd5+ 44. Kd4 Nxb6 45. Bb5 f5 46. Kc5 Na8 47. Kc6 Kf6 48. Kb7 1-0

[Event "Titled Tuesday intern op 13th Aug Early"]
[Site "Chess.com INT"]
[Date "2024.08.13"]
[Round "11"]
[White "Korol, Dimitry"]
[Black "Kaminski, Victor Kazimierz"]
[Result "0-1"]
[WhiteElo "2287"]
[BlackElo "2247"]
[PlyCount "48"]
[EventDate "2024.08.13"]
[EventType "swiss (blitz)"]
[EventRounds "11"]
[EventCountry "USA"]
[SourceTitle "EXT 2025"]
[Source "ChessBase"]
[SourceDate "2024.10.14"]
[SourceVersion "1"]
[SourceVersionDate "2024.10.14"]
[SourceQuality "1"]

1. d4 Nf6 2. c4 e6 3. Nc3 Bb4 4. Qc2 h6 5. e4 d5 6. cxd5 exd5 7. e5 Ne4 8. Bd3 Bf5 9. Nge2 0-0 10. 0-0 Nxc3 11. Bxf5 Nxe2+ 12. Qxe2 c6 13. Be3 Be7 14. Qg4 Kh8 15. f4 Na6 16. Rae1 Nc7 17. Rf3 Bb4 18. Ref1 g6 19. Rh3 Kg7 20. Bxg6 fxg6 21. f5 g5 22. f6+ Kf7 23. Rxh6 Qc8 24. Rh7+ Ke8 0-1

[Event "Titled Tuesday intern op 13th Aug Early"]
[Site "Chess.com INT"]
[Date "2024.08.13"]
[Round "9"]
[White "Polanco Fernandez, Sahiean"]
[Black "Kaminski, Victor Kazimierz"]
[Result "0-1"]
[WhiteElo "1835"]
[BlackElo "2247"]
[PlyCount "92"]
[EventDate "2024.08.13"]
[EventType "swiss (blitz)"]
[EventRounds "11"]
[EventCountry "USA"]
[SourceTitle "EXT 2025"]
[Source "ChessBase"]
[SourceDate "2024.10.14"]
[SourceVersion "1"]
[SourceVersionDate "2024.10.14"]
[SourceQuality "1"]

1. e4 c5 2. Nf3 Nc6 3. Bb5 e6 4. Bxc6 bxc6 5. 0-0 Qc7 6. d3 Ne7 7. Nc3 Ng6 8. Be3 Be7 9. Qd2 0-0 10. h3 d5 11. d4 cxd4 12. Qxd4 e5 13. Nxe5 Qxe5 14. Qxe5 Nxe5 15. exd5 Bb7 16. Rad1 Rfd8 17. Bf4 Ng6 18. Bc7 Rd7 19. d6 Bd8 20. Bxd8 Raxd8 21. Ne4 Bc8 22. Rfe1 Nf8 23. g4 Ne6 24. f4 c5 25. f5 Nd4 26. Re2 Nxe2+ 27. Kf2 Nd4 28. c3 Nc6 29. Rd5 Nb8 30. Rxc5 Bb7 31. Rc7 Bxe4 32. Ke3 Rxc7 33. dxc7 Rc8 34. cxb8Q Rxb8 35. Kxe4 Rxb2 36. c4 Kf8 37. Kd5 Ke7 38. Kc6 Rxa2 39. c5 Rc2 40. Kb5 a5 41. c6 a4 42. Kb6 a3 43. c7 Kd7 44. Kb7 Rb2+ 45. Ka7 a2 46. Ka8 a1Q# 0-1

[Event "Titled Tuesday intern op 06th Aug Early"]
[Site "Chess.com INT"]
[Date "2024.08.06"]
[Round "5"]
[White "Kaplan, Ebru"]
[Black "Kaminski, Victor Kazimierz"]
[Result "1-0"]
[WhiteElo "1905"]
[BlackElo "2247"]
[PlyCount "103"]
[EventDate "2024.08.06"]
[EventType "swiss (blitz)"]
[EventRounds "11"]
[EventCountry "USA"]
[SourceTitle "EXT 2025"]
[Source "ChessBase"]
[SourceDate "2024.10.14"]
[SourceVersion "1"]
[SourceVersionDate "2024.10.14"]
[SourceQuality "1"]

1. d4 Nf6 2. c4 e6 3. Nf3 d5 4. Nc3 dxc4 5. e3 a6 6. a4 c5 7. Bxc4 Nc6 8. 0-0 cxd4 9. exd4 Be7 10. Re1 0-0 11. Bg5 h6 12. Bh4 Qb6 13. Rb1 Rd8 14. Bxf6 Bxf6 15. d5 Na5 16. Ba2 Bxc3 17. bxc3 Qc5 18. c4 exd5 19. cxd5 Bf5 20. Rc1 Qd6 21. Qd2 b6 22. Nd4 Bg6 23. h3 Rac8 24. Qe3 Rxc1 25. Rxc1 Qd7 26. Nc6 Re8 27. Qxb6 Nxc6 28. Qxc6 Qe7 29. d6 Qe2 30. d7 Rd8 31. Qc8 Qxa2 32. Qxd8+ Kh7 33. Qe7 Qa3 34. Rd1 Qxa4 35. d8Q Qf4 36. Qef8 Bf5 37. Qh8+ Kg6 38. Rd6+ Be6 39. Rd1 Qa4 40. Qd3+ Bf5 41. Qd6+ Be6 42. Qe8 Qxd1+ 43. Qxd1 Kf6 44. Qc2 Bf5 45. Qb2+ Kg5 46. Qee5 f6 47. f4+ Kg6 48. Qee2 Be4 49. Qxe4+ f5 50. Qb6+ Kh5 51. Qxf5+ Kh4 52. Qg4# 1-0

[Event "Titled Tuesday intern op 30th Jul Early"]
[Site "Chess.com INT"]
[Date "2024.07.30"]
[Round "8"]
[White "Agibileg, Uurtsaikh"]
[Black "Kaminski, Victor Kazimierz"]
[Result "1-0"]
[WhiteElo "2418"]
[BlackElo "2247"]
[PlyCount "87"]
[EventDate "2024.07.30"]
[EventType "swiss (blitz)"]
[EventRounds "11"]
[EventCountry "USA"]
[SourceTitle "EXT 2025"]
[Source "ChessBase"]
[SourceDate "2024.10.14"]
[SourceVersion "1"]
[SourceVersionDate "2024.10.14"]
[SourceQuality "1"]

1. d4 Nf6 2. c4 e6 3. Nc3 Bb4 4. a3 Bxc3+ 5. bxc3 0-0 6. f3 d5 7. cxd5 exd5 8. e3 b6 9. Bd3 Ba6 10. Ne2 Bxd3 11. Qxd3 Re8 12. g4 Nc6 13. Kf2 Na5 14. Ng3 Nc4 15. h4 c5 16. g5 Nd7 17. e4 cxd4 18. cxd4 Nf8 19. e5 Rc8 20. f4 b5 21. f5 Qb6 22. Kg2 Nxe5 23. dxe5 Rxe5 24. Bf4 Ree8 25. Rhe1 Rxe1 26. Rxe1 Rc4 27. Be5 d4 28. h5 Qc6+ 29. Kh3 Qd5 30. h6 g6 31. Qe4 Qxe4 32. Nxe4 Nd7 33. Nd6 Rc3+ 34. Kh4 Re3 35. Rxe3 dxe3 36. Bc3 a6 37. Kg3 Nc5 38. Kf3 Na4 39. Bd4 a5 40. Kxe3 b4 41. axb4 axb4 42. Kd3 b3 43. fxg6 fxg6 44. Nc4 1-0

[Event "Titled Tuesday intern op 30th Jul Early"]
[Site "Chess.com INT"]
[Date "2024.07.30"]
[Round "4"]
[White "Gatterer, Florian"]
[Black "Kaminski, Victor Kazimierz"]
[Result "0-1"]
[WhiteElo "2170"]
[BlackElo "2247"]
[PlyCount "58"]
[EventDate "2024.07.30"]
[EventType "swiss (blitz)"]
[EventRounds "11"]
[EventCountry "USA"]
[SourceTitle "EXT 2025"]
[Source "ChessBase"]
[SourceDate "2024.10.14"]
[SourceVersion "1"]
[SourceVersionDate "2024.10.14"]
[SourceQuality "1"]

1. d4 d5 2. Nf3 Nf6 3. Bf4 c5 4. e3 Nc6 5. Nbd2 cxd4 6. exd4 Bf5 7. c3 e6 8. Qa4 Bd6 9. Bxd6 Qxd6 10. Be2 0-0 11. 0-0 a6 12. Nh4 Bg4 13. Rfe1 b5 14. Qd1 Bxe2 15. Rxe2 Rab8 16. a3 a5 17. b4 Rfc8 18. Nhf3 axb4 19. axb4 Ne7 20. Rc1 Ra8 21. Nb3 Ne4 22. Nc5 f5 23. Ra1 Nxc3 24. Rxa8 Nxd1 25. Rxc8+ Nxc8 26. Rxe6 Qd8 27. Ne5 h6 28. g3 Nc3 29. Nc6 Qc7 0-1

[Event "Titled Tuesday intern op 23rd Jul Early"]
[Site "Chess.com INT"]
[Date "2024.07.23"]
[Round "2"]
[White "Amaya, Brayan Angel"]
[Black "Kaminski, Victor Kazimierz"]
[Result "1-0"]
[WhiteElo "1881"]
[BlackElo "2247"]
[PlyCount "83"]
[EventDate "2024.07.23"]
[EventType "swiss (blitz)"]
[EventRounds "11"]
[EventCountry "USA"]
[SourceTitle "EXT 2025"]
[Source "ChessBase"]
[SourceDate "2024.10.14"]
[SourceVersion "1"]
[SourceVersionDate "2024.10.14"]
[SourceQuality "1"]

1. e4 c5 2. Nf3 Nc6 3. Bb5 e6 4. 0-0 Nge7 5. c3 a6 6. Be2 g6 7. d4 cxd4 8. cxd4 d5 9. e5 Bg7 10. Nc3 0-0 11. Be3 Nf5 12. Rb1 b5 13. Bg5 f6 14. exf6 Bxf6 15. Be3 Qb6 16. Qd2 Ncxd4 17. Nxd4 Bxd4 18. Bxd4 Qxd4 19. Rbd1 Qxd2 20. Rxd2 Bb7 21. Bg4 h5 22. Bxf5 gxf5 23. f3 Rad8 24. Re1 Rfe8 25. Re5 Kf7 26. Ne2 Kf6 27. f4 d4 28. Rxd4 Rc8 29. Rd7 Bd5 30. Nc3 Bc6 31. Rd6 b4 32. Nd1 Bd5 33. a3 Rc1 34. Re1 Rc2 35. Ne3 Be4 36. Nxc2 Bxc2 37. axb4 Be4 38. Rxa6 Rg8 39. Re2 Bd3 40. Raxe6+ Kf7 41. Re7+ Kf6 42. R2e6# 1-0

[Event "Titled Tuesday intern op 23rd Jul Early"]
[Site "Chess.com INT"]
[Date "2024.07.23"]
[Round "7"]
[White "Donatti, Alvaro"]
[Black "Kaminski, Victor Kazimierz"]
[Result "0-1"]
[WhiteElo "2193"]
[BlackElo "2247"]
[PlyCount "34"]
[EventDate "2024.07.23"]
[EventType "swiss (blitz)"]
[EventRounds "11"]
[EventCountry "USA"]
[SourceTitle "EXT 2025"]
[Source "ChessBase"]
[SourceDate "2024.10.14"]
[SourceVersion "1"]
[SourceVersionDate "2024.10.14"]
[SourceQuality "1"]

1. e4 c5 2. Nf3 Nc6 3. c3 Nf6 4. e5 Nd5 5. Bc4 e6 6. 0-0 d6 7. d4 cxd4 8. cxd4 dxe5 9. dxe5 Be7 10. Nc3 Nxc3 11. bxc3 Qxd1 12. Rxd1 0-0 13. Bb5 Rd8 14. Ba3 Rxd1+ 15. Rxd1 Bxa3 16. Bxc6 bxc6 17. Rc1 Bxc1 0-1

[Event "Titled Tuesday intern op 23rd Jul Early"]
[Site "Chess.com INT"]
[Date "2024.07.23"]
[Round "8"]
[White "Kaminski, Victor Kazimierz"]
[Black "Antunes, Luciano Justi"]
[Result "0-1"]
[WhiteElo "2247"]
[BlackElo "2045"]
[PlyCount "128"]
[EventDate "2024.07.23"]
[EventType "swiss (blitz)"]
[EventRounds "11"]
[EventCountry "USA"]
[SourceTitle "EXT 2025"]
[Source "ChessBase"]
[SourceDate "2024.10.14"]
[SourceVersion "1"]
[SourceVersionDate "2024.10.14"]
[SourceQuality "1"]

1. e4 c5 2. Nf3 Nc6 3. d4 cxd4 4. Nxd4 Nf6 5. Nc3 e5 6. Ndb5 d6 7. Bg5 a6 8. Na3 b5 9. Nd5 Qa5+ 10. c3 Nxe4 11. Be3 Rb8 12. Qf3 f5 13. Bd3 b4 14. Nxb4 Nxb4 15. cxb4 Qxb4+ 16. Kf1 d5 17. Nc4 dxc4 18. Bxe4 fxe4 19. Qh5+ Kd8 20. Rd1+ Bd7 21. Qxe5 c3 22. Qg5+ Kc8 23. Rc1 Qb5+ 24. Qxb5 Bxb5+ 25. Ke1 Bb4 26. bxc3 Ba5 27. f3 exf3 28. gxf3 Re8 29. Kf2 Bb6 30. Bxb6 Rxb6 31. c4 Bc6 32. Rhe1 Rb2+ 33. Kg3 Ree2 34. Rxe2 Rxe2 35. a3 Re3 36. Rf1 Rxa3 37. Kg4 Bd7+ 38. Kg5 Ra2 39. h4 Rg2+ 40. Kf4 Rc2 41. Ke5 Rxc4 42. Kd6 Rc6+ 43. Ke7 Re6+ 44. Kf7 Rg6 45. h5 Rg5 46. f4 Rxh5 47. Kxg7 Bf5 48. Ra1 Kb7 49. Ra5 Kb6 50. Re5 a5 51. Kf6 a4 52. Rxf5 Rxf5+ 53. Kxf5 a3 54. Kg5 a2 55. f5 a1Q 56. f6 Qe5+ 57. Kg4 Qxf6 58. Kh5 Qg6+ 59. Kh4 h6 60. Kh3 h5 61. Kh2 Qg4 62. Kh1 h4 63. Kh2 h3 64. Kh1 Qg2# 0-1